000 00515nmm a2200169Ia 4500
008 251105s9999||||xx |||||||||||||||||und||
020 _a9788481099416
041 _aspa
100 _aArgüello, Javier
245 0 _aLa música del mundo : de las verdades verdaderas a las razones razonables
264 _a[Madrid, España] :
_bGalaxia Gutenberg,
_c2011
300 _a147 páginas
490 _aEnsayo
650 _aPhilosophy, Ethics
856 _uhttps://public.digitaliapublishing.com/a/28761
942 _cCF
999 _c85819
_d85819